MARC details
| 000 -CABECERA |
| campo de control de longitud fija |
00817nam a2200241 a 4500 |
| 001 - NÚMERO DE CONTROL |
| campo de control |
000014853 |
| 005 - FECHA Y HORA DE LA ÚLTIMA TRANSACCIÓN |
| campo de control |
20200929163916.0 |
| 008 - DATOS DE LONGITUD FIJA--INFORMACIÓN GENERAL |
| campo de control de longitud fija |
100123s1991 sp b 000 f spa d |
| 020 ## - NÚMERO INTERNACIONAL ESTÁNDAR DEL LIBRO |
| Número Internacional Estándar del Libro |
8477300887 |
| 040 ## - FUENTE DE LA CATALOGACIÓN |
| Centro catalogador/agencia de origen |
DO-SdBNP |
| Lengua de catalogación |
spa |
| Centro/agencia transcriptor |
BNPHU |
| 041 17 - CÓDIGO DE LENGUA |
| Código de lengua del texto/banda sonora o título independiente |
spa |
| Código de lengua original |
eng |
| Fuente del código |
Código de idioma MARC |
| 082 ## - NÚMERO DE LA CLASIFICACIÓN DECIMAL DEWEY |
| Número de clasificación |
813.54 |
| Número de documento/Ítem |
C986d |
| 049 ## - FONDOS LOCALES (OCLC) |
| Fondos de biblioteca |
BNGR |
| 100 1# - ENTRADA PRINCIPAL--NOMBRE DE PERSONA |
| Nombre de persona |
Cussler, Clive, |
| Fechas asociadas al nombre |
1931- |
| 9 (RLIN) |
33655 |
| 240 10 - TÍTULO UNIFORME |
| Título uniforme |
Dragon. |
| Lenguaje de la obra |
Español |
| 245 10 - MENCIÓN DE TÍTULO |
| Título |
Dragón / |
| Mención de responsabilidad, etc. |
Clive cussler ; traducción de Francisco Rodríguez de Lecea. |
| 260 ## - PUBLICACIÓN, DISTRIBUCIÓN, ETC. |
| Lugar de publicación, distribución, etc. |
Barcelona : |
| Nombre del editor, distribuidor, etc. |
Vidorama, |
| Fecha de publicación, distribución, etc. |
1991. |
| 300 ## - DESCRIPCIÓN FÍSICA |
| Extensión |
511 p. : |
| Otras características físicas |
mapa ; |
| Dimensiones |
19 cm. |
| 534 ## - NOTA SOBRE LA VERSIÓN ORIGINAL |
| Frase introductoria |
Título en inglés: |
| Mención de título del original |
Dragon |
| Publicación, distribución, etc. del original |
Clive Cussler Enterprises, 1990 |
| 650 #4 - PUNTO DE ACCESO ADICIONAL DE MATERIA--TÉRMINO DE MATERIA |
| Término de materia o nombre geográfico como elemento de entrada |
Novela estadounidense |
| 9 (RLIN) |
262 |
| 650 #4 - PUNTO DE ACCESO ADICIONAL DE MATERIA--TÉRMINO DE MATERIA |
| Término de materia o nombre geográfico como elemento de entrada |
Literatura estadounidense |
| Subdivisión cronológica |
SIGLO XX |
| 9 (RLIN) |
6874 |
| 700 1# - PUNTO DE ACCESO ADICIONAL--NOMBRE DE PERSONA |
| Nombre de persona |
Rodríguez de Lecea, Francisco, |
| Término indicativo de función/relación |
tr. |
| 9 (RLIN) |
33656 |